000 00512pab a2200181 454500
008 180718b2008 xxu||||| |||| 00| 0 eng d
100 _aMazmanian, Daniel A.
245 _aCalifornia's climate change policy: the case of a subnational state actor tackling a global challenge
260 _c2008
300 _ap.401-23.
362 _aDec
650 _aClimatic change
700 _aNelson, Hal
700 _aJurewitz, Johan
773 _aJournal of Environment Development
908 _aN
909 _a80642
999 _c80642
_d80642